00914 2200325 4500001002100000005001500021035002000036007000300056040001700059100002800076245007000104250001200174300003900186504002400225020002200249041000800271082000600279084001200285090001700297264003900314336002100353337003000374338002300404500005900427650001700486850001000503008004100513990001400554990002000568INLIS00000000000649120260412120525 a0010-0422000096ta aSBPUPADbind0 aKoes IriantoePengarang1 aEnsiklopedia Bio Sains :Satu /cKoes Irianto ;Editor,Irma Noviati a.-Cet.2 aiv, 100 hal. :billus. ;c23,5 cm aBibliografi,Hlm 100 a978-979-465-709-60 aind aR aR KOE e aR KOE e 10-3 a.--Bandung :bEpsilon Grup/,c2010 2rdacontentaTeks 2rdamediaaTanpa Perantara 2rdacarrieravolume aBiografi Penulis,Hlm 59,Glosarium,Hlm 98,Indeks,Hlm 99 4aEnsiklopedia aPUPAD260412 0  a/H/DPK/18 a25.959/H/DPK/18